000 00307nam a22001337a 4500
008 170413b xxu||||| |||| 00| 0 eng d
020 _a9783540616160
041 _aeng
080 _a618
100 _a10
101 _aSHM
245 _aANDROLOGY MALE REPRODUCTIVE HEALTH
_cBEHRE.H.M
942 _2udc
_cBK
999 _c10631
_d10631